Подробный разбор заданий из учебника по алгебре и началам анализа, 10-11 класс авторов: Колмогоров А.Н., Абрамов А.М., Дудницын Ю.П. - М.: Просвещение, 2001-2006 (Запись № 424637)

Подробности
000 -МАРКЕР
контрольное поле 02960nam0a2200409 4500
001 - ИДЕНТИФИКАТОР ЗАПИСИ
контрольное поле RU\NLR\bibl\987404
005 - ИДЕНТИФИКАТОР ВЕРСИИ
контрольное поле 20260405072502.0
010 ## - МЕЖДУНАРОДНЫЙ СТАНДАРТНЫЙ НОМЕР КНИГИ (ISBN)
Номер (ISBN) 5-94665-206-0
Тираж 10000
021 ## - НОМЕР ГОСУДАРСТВЕННОЙ РЕГИСТРАЦИИ
Код страны Российская Федерация
Номер 2006-38812
Номер Листа государственной регистраци 1948
035 ## - ДРУГИЕ СИСТЕМНЫЕ НОМЕРА
Идентификатор записи (NLR Aleph) 000975255
100 ## - ДАННЫЕ ОБЩЕЙ ОБРАБОТКИ
Данные общей обработки 20060925d2006 |||y0rusy50 ca
101 0# - ЯЗЫК РЕСУРСА
Язык текста, звукозаписи и т.д. русский
102 ## - СТРАНА ПУБЛИКАЦИИ ИЛИ ПРОИЗВОДСТВА
Страна публикации Российская Федерация
105 ## - ПОЛЕ КОДИРОВАННЫХ ДАННЫХ: ТЕКСТОВЫЕ МАТЕРИАЛЫ, МОНОГРАФИЧЕСКИЕ
Кодированные данные о монографическом текстовом документе a |||||||||
200 1# - ЗАГЛАВИЕ И СВЕДЕНИЯ ОБ ОТВЕТСТВЕННОСТИ
Основное заглавие Подробный разбор заданий из учебника по алгебре и началам анализа, 10-11 класс авторов: Колмогоров А.Н., Абрамов А.М., Дудницын Ю.П. - М.: Просвещение, 2001-2006
Первые сведения об ответственности А.Н. Рурукин
210 ## - ПУБЛИКАЦИЯ, РАСПРОСТРАНЕНИЕ И ДР.
Место издания, распространения и т.д. Москва
Имя издателя, распространителя и т. д. ВАКО
Дата издания, распространения и т.д. 2006
215 ## - ФИЗИЧЕСКАЯ ХАРАКТЕРИСТИКА
Специфическое обозначение материала и объем 288 с.
Другие сведения о физической характеристике ил.
Размеры 17
225 1# - СЕРИЯ
Основное заглавие серии Сам себе репетитор
300 ## - ОБЩИЕ ПРИМЕЧАНИЯ
Текст примечания На обл.: Ответы и решения : к заданиям учебника А.Н. Колмогорова, А.М. Абрамова и др. Алгебра и начала анализа : 10-11
300 ## - ОБЩИЕ ПРИМЕЧАНИЯ
Текст примечания Загл. корешка: Выполненные задания по алгебре : 10-11 кл.
300 ## - ОБЩИЕ ПРИМЕЧАНИЯ
Текст примечания На обороте тит. л. авт.: к.ф.-м.н., преп. Рурукин А.Н.
300 ## - ОБЩИЕ ПРИМЕЧАНИЯ
Текст примечания На обл. авт. не указан
422 #0 - ИЗДАНИЕ, К КОТОРОМУ ОТНОСИТСЯ ПРИЛОЖЕНИЕ
Встроенное поле 001RU\NLR\BIBL_A\010807511
-- 005##20150722150421.0
-- 2001#$aАлгебра и начала анализа$eучебник для 10-11-х классов общеобразовательных учреждений$fКолмогоров А.Н., Абрамов А.М., Дудницин Ю.П. [и др.]
-- 210##$aМосква$cПросвещение$d2001-2006
-- 701#1$3RU\NLR\auth\77455$aКолмогоров$bА. Н.$f1903-1987$gАндрей Николаевич$4070
-- 701#1$3RU\NLR\AUTH\7726338$aАбрамов$bА. М.$cканд. пед. наук, математик$f1946-2015$gАлександр Михайлович$4070
-- 701#1$3RU\NLR\auth\773614$aДудницын$bЮ. П.$gЮрий Павлович$4070
512 1# - ЗАГЛАВИЕ ОБЛОЖКИ
Заглавие обложки Ответы и решения
Сведения, относящиеся к заглавию к заданиям учебника А.Н. Колмогорова, А.М. Абрамова и др. Алгебра и начала анализа : 10-11
517 0# - ДРУГИЕ ВАРИАНТЫ ЗАГЛАВИЯ
Вариант заглавия Выполненные задания по алгебре
Сведения, относящиеся к заглавию 10-11 кл.
606 1# - НАИМЕНОВАНИЕ ТЕМЫ КАК ПРЕДМЕТ
Наименование темы Алгебра
Формальный подзаголовок Учебники для средней школы
Тематический подзаголовок Задачи
-- Решение
Системный номер авторитетной/нормативной записи 2074914
Идентификатор авторитетной/нормативной записи RU\NLR\auth\661249941
606 1# - НАИМЕНОВАНИЕ ТЕМЫ КАК ПРЕДМЕТ
Наименование темы Математический анализ
Формальный подзаголовок Учебники для средней школы
Тематический подзаголовок Задачи
-- Решение
Системный номер авторитетной/нормативной записи 1535963
Идентификатор авторитетной/нормативной записи RU\NLR\auth\66669339
686 ## - ИНДЕКСЫ ДРУГИХ КЛАССИФИКАЦИЙ
Индекс В151я721-41
686 ## - ИНДЕКСЫ ДРУГИХ КЛАССИФИКАЦИЙ
Индекс В161.1я721-41
700 #1 - ИМЯ ЛИЦА - ПЕРВИЧНАЯ ОТВЕТСТВЕННОСТЬ
Код отношения Автор
Материалы, к которым относится поле rus
Графика поля Кириллица
Начальный элемент ввода Рурукин
Часть имени, кроме начального элемента ввода А.Н.
Расширение инициалов личного имени Александр Николаевич
Идентификатор авторитетной/нормативной записи RU\NLR\auth\7719218
Системный номер авторитетной/нормативной записи 2291
801 #0 - ИСТОЧНИК ЗАПИСИ
Страна Российская Федерация
Организация NLR
Дата составления 20060925
Правила каталогизации rcr
801 #1 - ИСТОЧНИК ЗАПИСИ
Страна Российская Федерация
Организация NLR
Дата составления 20060925
942 ## - ДОПОЛНИТЕЛЬНЫЕ ЭЛЕМЕНТЫ ЗАПИСИ (АБИС)
Тип экземпляра АБИС Книга
980 ## - КОЛЛЕКЦИЯ
Название коллекции Национальная библиография
Экземпляры
Тип экземпляра Дата поступления Источник поступления Библиотека постоянного хранения Библиотека текущего хранения Место хранения Шифр хранения Штрих-код Статус экземпляра
Книга 25.09.2006 Обязательный экземпляр РНБ (Московский) РНБ (Московский) Русский книжный фонд: издания с 1957 года 2006-2/4174 2263956  
Книга 25.09.2006 Обязательный экземпляр РНБ (Московский) РНБ (Московский) Русский книжный фонд: издания с 1957 года 2006-2/4174 2263957